<?xml version="1.0" encoding="UTF-8"?>
<marc:record xmlns:marc="http://www.loc.gov/MARC21/slim">
   <marc:leader>00000nam a2200000 a 4500</marc:leader>
   <marc:datafield ind1="1" ind2=" " tag="100">
      <marc:subfield code="a">Renn, Jürgen</marc:subfield>
      <marc:subfield code="4">aut</marc:subfield>
      <marc:subfield code="e">Verfasser/-in</marc:subfield>
   </marc:datafield>
   <marc:datafield ind1="1" ind2=" " tag="100">
      <marc:subfield code="a">Scheer, Sven</marc:subfield>
      <marc:subfield code="4">trl</marc:subfield>
      <marc:subfield code="e">Übersetzer/-in</marc:subfield>
   </marc:datafield>
   <marc:datafield ind1=" " ind2=" " tag="653">
      <marc:subfield code="a">Wissenschaftsgeschichte</marc:subfield>
   </marc:datafield>
   <marc:datafield ind1=" " ind2=" " tag="653">
      <marc:subfield code="a">Digitalisierung</marc:subfield>
   </marc:datafield>
   <marc:datafield ind1=" " ind2=" " tag="653">
      <marc:subfield code="a">Industrialisierung</marc:subfield>
   </marc:datafield>
   <marc:datafield ind1=" " ind2=" " tag="653">
      <marc:subfield code="a">Softcover / Geisteswissenschaften allgemein</marc:subfield>
   </marc:datafield>
   <marc:datafield ind1="0" ind2="0" tag="245">
      <marc:subfield code="a">Die Evolution des Wissens</marc:subfield>
   </marc:datafield>
   <marc:datafield ind1="0" ind2="0" tag="245">
      <marc:subfield code="b">Eine Neubestimmung der Wissenschaft für das Anthropozän</marc:subfield>
   </marc:datafield>
   <marc:datafield ind1="0" ind2="0" tag="245">
      <marc:subfield code="c">Jürgen Renn</marc:subfield>
   </marc:datafield>
   <marc:datafield ind1=" " ind2="1" tag="264">
      <marc:subfield code="a">Berlin</marc:subfield>
      <marc:subfield code="b">Suhrkamp</marc:subfield>
      <marc:subfield code="c">2022</marc:subfield>
   </marc:datafield>
   <marc:datafield ind1=" " ind2=" " tag="250">
      <marc:subfield code="a">1. Auflage</marc:subfield>
   </marc:datafield>
   <marc:datafield ind1="1" ind2=" " tag="520">
      <marc:subfield code="a">Angaben aus der Verlagsmeldung

Die Evolution des Wissens : Eine Neubestimmung der Wissenschaft für das Anthropozän The Evolution of Knowledge. Rethinking Science for the Anthropocene / von Jürgen Renn

Die Evolution des Wissens erzählt in sechzehn Kapiteln die faszinierende Wissensgeschichte der Menschheit. Anhand von Schlüsselepisoden aus der Entwicklung von Wissenschaft und Technik, von der Erfindung der Schrift über die frühneuzeitliche wissenschaftliche Revolution bis hin zu Industrialisierung und Digitalisierung, analysiert Jürgen Renn, wie Wissen entsteht und sich verändert, wie es sich seit Jahrtausenden global verbreitet und auf welche Weise Wissensökonomien und die Gesellschaften, in die sie eingebettet sind, sich wechselseitig beeinflussen.

Das enorm materialreiche und opulent bebilderte Buch entwickelt unter Einbeziehung einer Vielzahl von Methoden und Disziplinen einen völlig neuen Rahmen für das Verständnis der Wissenschaftsgeschichte als Teil jener kulturellen Evolution, die unserem Planeten ihren Stempel aufgedrückt hat. Der weite Blick zurück, den Die Evolution des Wissens wagt, schärft daher auch den Blick für die komplexen Herausforderungen, mit denen wir aktuell im Anthropozän konfrontiert sind.

</marc:subfield>
   </marc:datafield>
   <marc:datafield ind1=" " ind2=" " tag="020">
      <marc:subfield code="a">9783518587867</marc:subfield>
      <marc:subfield code="9">9783518587867</marc:subfield>
   </marc:datafield>
   <marc:datafield ind1=" " ind2=" " tag="020">
      <marc:subfield code="a">3518587862</marc:subfield>
      <marc:subfield code="9">3518587862</marc:subfield>
   </marc:datafield>
   <marc:datafield ind1=" " ind2=" " tag="041">
      <marc:subfield code="a">ger</marc:subfield>
   </marc:datafield>
   <marc:datafield ind1=" " ind2=" " tag="300">
      <marc:subfield code="a">1070 Seiten</marc:subfield>
   </marc:datafield>
</marc:record>
